International trade and the Basel Convention

Bibliographic Details
Main Author: KRUEGER
Format: Book
Published: London : Earthscan Pub. , 1999
Subjects:

MARC

LEADER 00000cam a2200000 7i4500
001 0000000569
005 20000908.0
020 0 0 |a 1853836214 
090 0 0 |a 363.7287   |b KRU 1999 
100 1 0 |a KRUEGER   |h Jonathan 
245 1 0 |a International trade and the Basel Convention   |c Jonathan Krueger 
260 0 0 |a London :   |b Earthscan Pub. ,   |c 1999 
300 |a 133 p. ;   |c 21 cm. 
650 0 0 |a Basel Convention 
650 0 0 |a Hazardous wastes   |x International cooperation 
650 0 0 |a International trade   |x Environmental aspects 
999 |a 0000001662   |b Monograph   |c Open Shelf   |e Default branch